[Event "Summer Prague Open 2024 - A"]
[Site "Olympik hotel, Sokolovska 138, Praha"]
[Date "2024.08.07"]
[Round "7"]
[Board "24"]
[White "Galymbek, Alikhan"]
[Black "Zerafa, Robert"]
[Result "1-0"]
[WhiteElo "1970"]
[BlackElo "2068"]
[PlyCount "0"]
[EventDate "2024.08.02"]
[EventRounds "9"]
[EventCountry "CZE"]

1. e4 e5 2. Nf3 Nc6 3. Bc4 Bc5 4. c3 Nf6 5. d3 a6 6. a4 d6 7. Nbd2 O-O 8. Nf1 Ng4
9. Ne3 Nxe3 10. Bxe3 Bxe3 11. fxe3 Ne7 12. O-O Ng6 13. Qb3 Qe7 14. Nd2 c6 15. Rf2
Be6 16. a5 Bxc4 17. Nxc4 Rad8 18. d4 exd4 19. exd4 d5 20. exd5 Rxd5 21. Raf1 h5 22.
Qc2 Qg5 23. Rf5 Rxf5 24. Qxf5 Qxf5 25. Rxf5 Re8 26. Rxh5 Re2 27. g3 f6 28. Rf5 Ne7
29. Rf2 Re1+ 30. Kg2 Nd5 31. Kf3 Re7 32. Re2 Rd7 33. Re8+ Kf7 34. Rb8 Ke6 35. Nd2
f5 36. Nb3 Kf6 37. Nc5 Re7 38. Rxb7 Re1 39. Kf2 Ra1 40. Nd7+ Ke6 41. c4 Ne7 42. Nc5+
Kf6 43. Nxa6 Rxa5 44. Nb4 Ra1 45. Nxc6  1-0

[Event "Summer Prague Open 2024 - A"]
[Site "Olympik hotel, Sokolovska 138, Praha"]
[Date "2024.08.07"]
[Round "7"]
[Board "25"]
[White "Bohatyrov, Mykola"]
[Black "Ouaki, Mark"]
[Result "1/2-1/2"]
[WhiteElo "1847"]
[BlackElo "2054"]
[PlyCount "0"]
[EventDate "2024.08.02"]
[EventRounds "9"]
[EventCountry "CZE"]

1. d4 Nf6 2. Nf3 g6 3. Nc3 d5 4. Bf4 Bg7 5. e3 Bg4 6. Be2 O-O 7. Ne5 Bxe2 8. Qxe2
c6 9. h4 Nbd7 10. O-O-O Ne4 11. Nxe4 dxe4 12. h5 Nxe5 13. Bxe5 Bxe5 14. dxe5 Qa5
15. Qc4 Qxe5 16. hxg6 hxg6 17. Rd4 b5 18. Rxe4 Qf6 19. Qe2 Kg7 20. Qf3 Qxf3 21. gxf3
e6 22. Rd1 Rad8 23. Red4 Rxd4 24. Rxd4 Rh8 25. c4 Rh2 26. cxb5 cxb5 27. Rd2 Rh5 28.
Kc2 Rc5+ 29. Kb3 a5 30. a4 Kf6 31. axb5 Rxb5+ 32. Ka4 Rc5 33. b4 axb4 34. Kxb4 Rc1
35. Kb3 Rc7 36. Rc2 Rd7 37. Kc3 Kg7 38. Rd2 Rc7+ 39. Kd3 Rd7+ 40. Ke2 Ra7 41. f4
Rb7 42. Kf3  1/2-1/2

[Event "Summer Prague Open 2024 - A"]
[Site "Olympik hotel, Sokolovska 138, Praha"]
[Date "2024.08.07"]
[Round "7"]
[Board "26"]
[White "Taborsky, Rostislav"]
[Black "Zhakan, Erasyl"]
[Result "0-1"]
[WhiteElo "2051"]
[BlackElo "1962"]
[PlyCount "0"]
[EventDate "2024.08.02"]
[EventRounds "9"]
[EventCountry "CZE"]

1. d4 Nf6 2. c4 e6 3. Nf3 d5 4. Nc3 Be7 5. Bf4 O-O 6. e3 b6 7. cxd5 exd5 8. Bd3 c5
9. Ne5 Bb7 10. Qf3 Nc6 11. O-O Re8 12. Rfe1 Bd6 13. Nxc6 Bxc6 14. Bg5 h6 15. Bxf6
Qxf6 16. Qxf6 gxf6 17. Bb5 Bxb5 18. Nxb5 Red8 19. Rec1 Be7 20. dxc5 bxc5 21. Rd1
Rd7 22. Rd2 Rad8 23. Rad1 f5 24. Nc3 d4 25. Ne2 d3 26. Ng3 c4 27. Rc1 Rc7 28. Nxf5
Bf6 29. g4 Bxb2 30. Rxb2 c3 31. Rxc3 Rxc3 32. Nd4 Rxd4 33. exd4 Rc2  0-1

[Event "Summer Prague Open 2024 - A"]
[Site "Olympik hotel, Sokolovska 138, Praha"]
[Date "2024.08.07"]
[Round "7"]
[Board "27"]
[White "Neukirchner, Pascal"]
[Black "Cichon, Bartlomiej"]
[Result "1-0"]
[WhiteElo "2261"]
[BlackElo "1992"]
[PlyCount "0"]
[EventDate "2024.08.02"]
[EventRounds "9"]
[EventCountry "CZE"]

1. Nf3 Nf6 2. g3 g6 3. Bg2 Bg7 4. c4 O-O 5. d4 d6 6. Nc3 Nc6 7. O-O a6 8. b3 Rb8
9. d5 Na5 10. Bg5 c5 11. dxc6 bxc6 12. Rc1 h6 13. Bd2 Nd7 14. Be3 c5 15. Qd2 Kh7
16. Rfd1 Nc6 17. Ng5+ hxg5 18. Bxc6 Ne5 19. Bg2 g4 20. Bxc5 Bb7 21. Be3 Bxg2 22.
Kxg2 Qc7 23. Nd5 Qb7 24. Kg1 e6 25. Nc3 Rfd8 26. Bf4 Nc6 27. Ne4 Nd4 28. Nxd6 Qb4
29. Qxb4 Rxb4 30. Kf1 Kg8 31. Ne4 e5 32. Bg5 Re8 33. Be3 f5 34. Nd6 Rd8 35. c5 Bf8
36. Rc4 a5 37. Rxb4 axb4 38. Bxd4 exd4 39. Rxd4 Bxd6 40. cxd6  1-0

[Event "Summer Prague Open 2024 - A"]
[Site "Olympik hotel, Sokolovska 138, Praha"]
[Date "2024.08.07"]
[Round "7"]
[Board "28"]
[White "Radovic, Stefan"]
[Black "Kotal, Vaclav"]
[Result "1/2-1/2"]
[WhiteElo "1967"]
[BlackElo "2151"]
[PlyCount "0"]
[EventDate "2024.08.02"]
[EventRounds "9"]
[EventCountry "CZE"]

1. Nf3 Nf6 2. c4 c6 3. g3 d5 4. Bg2 Bf5 5. Qb3 Qb6 6. cxd5 cxd5 7. d3 e6 8. O-O Nc6
9. Be3 Qxb3 10. axb3 Be7 11. Nd4 Bg4 12. Nc3 a6 13. h3 Bh5 14. g4 Bg6 15. Na4 Nxd4
16. Bxd4 h5 17. Nb6 Rd8 18. g5 Nd7 19. Nxd7 Kxd7 20. Bxg7 Rhg8 21. Bf6 Bxf6 22. gxf6
e5 23. f4 Ke6 24. fxe5 Kxe5 25. Kh2 Kd4 26. Rf3 Rge8 27. Ra4+ Kc5 28. Rf2 Re3 29.
Rh4 Rd6 30. Rhf4 a5 31. Ra4 b6 32. Raf4 b5 33. Bf3 d4 34. Rg2 Re8 35. Be4 Bxe4 36.
dxe4 Rde6 37. Rg7 Rxe4 38. Rxe4 Rxe4 39. Rxf7 Rxe2+ 40. Kg3 Re1 41. Rd7 Rf1 42. f7
d3 43. Kh4 d2 44. Rxd2 Rxf7 45. Kxh5 Kb4 46. h4 Kxb3 47. Kg6 Rf1 48. h5  1/2-1/2

[Event "Summer Prague Open 2024 - A"]
[Site "Olympik hotel, Sokolovska 138, Praha"]
[Date "2024.08.08"]
[Round "8"]
[Board "1"]
[White "Nothnagel, Marian Can"]
[Black "Anwesh, Upadhyaya"]
[Result "0-1"]
[WhiteElo "2410"]
[BlackElo "2373"]
[PlyCount "0"]
[EventDate "2024.08.02"]
[EventRounds "9"]
[EventCountry "CZE"]

1. e4 e5 2. Nf3 Nc6 3. Bc4 Bc5 4. c3 Nf6 5. d3 O-O 6. O-O d6 7. Re1 a6 8. a4 Ba7
9. h3 h6 10. Nbd2 Re8 11. b4 Be6 12. Bxe6 Rxe6 13. Bb2 Ne7 14. Nf1 Ng6 15. c4 c6
16. a5 Qd7 17. Ng3 Rae8 18. Nf5 d5 19. Qb3 Rd8 20. Rad1 Ree8 21. g3 Qe6 22. Qc2 Rd7
23. Kg2 Red8 24. Rb1 dxe4 25. dxe4 Rd3 26. Qe2 Nh5 27. Bc1 Qxc4 28. Nxe5 Nxe5 29.
Qxh5 Rf3 30. Rb2 Rxf2+ 31. Rxf2 Bxf2 32. Ne7+ Kf8 33. Re2 Bd4 34. Nf5 Qxc1 35. Nxd4
Qg5 36. Qxg5 hxg5 37. Nb3 Rd1 38. Nc5 Rb1 39. Nxb7 Rxb4 40. Nc5 Rb5 41. Nxa6 Rxa5
42. Nb4 Rb5 43. Na2 Ke7 44. Nc3 Rb3 45. Nd1 g6 46. Ne3 Rb4 47. Nd1 Rd4 48. Nb2 Nc4
49. Kf3 Nxb2 50. Rxb2 Rd3+ 51. Kg4 c5 52. Rc2 Kd6 53. Rf2 c4 54. Rxf7 c3 55. Rf6+
Kc5 56. Rf8 Kd4 57. Kxg5 Rxg3+ 58. Kf4 Rxh3 59. Rd8+ Kc4 60. Rc8+ Kd3 61. e5 Rh4+
62. Kf3 Rh1 63. Rd8+ Kc4 64. e6 Re1 65. Rc8+ Kb3 66. Rb8+ Ka3 67. Ra8+ Kb2 68. Rb8+
Kc1 69. Rb6 c2 70. Kg4 Kd2 71. Rd6+ Kc3 72. Rc6+ Kb2 73. Rb6+ Ka3  0-1

[Event "Summer Prague Open 2024 - A"]
[Site "Olympik hotel, Sokolovska 138, Praha"]
[Date "2024.08.08"]
[Round "8"]
[Board "2"]
[White "Prokofiev, Valentyn"]
[Black "Garcia Roman, Daniel"]
[Result "1-0"]
[WhiteElo "2381"]
[BlackElo "2397"]
[PlyCount "0"]
[EventDate "2024.08.02"]
[EventRounds "9"]
[EventCountry "CZE"]

1. c4 e5 2. Nc3 Nf6 3. Nf3 Nc6 4. e4 Bb4 5. d3 d6 6. a3 Bxc3+ 7. bxc3 h6 8. g3 O-O
9. Bg2 a6 10. a4 b6 11. O-O Rb8 12. Rb1 Bd7 13. h3 Na5 14. Be3 Re8 15. Ra1 Nb7 16.
Qc2 a5 17. Nd2 Bc6 18. d4 Qe7 19. Rfe1 Nd8 20. Kh2 Bb7 21. Qd1 Ne6 22. f4 c5 23.
d5 Nf8 24. Qf3 exf4 25. gxf4 Ng6 26. Bf2 Nh7 27. Bg3 Nh4 28. Qf2 Nxg2 29. Qxg2 Qf6
30. e5 Qg6 31. Ne4 dxe5 32. fxe5 Rbd8 33. Nd6 Re7 34. h4 Bc8 35. Rab1 Bg4 36. Rxb6
Qd3 37. Qf2 Qxc3 38. Qxc5 Qc2+ 39. Qf2 Qxa4 40. c5 Nf8 41. Re4 Qd1 42. Rd4 Qf3 43.
Qxf3 Bxf3 44. Rb3 Be2 45. c6 a4 46. Rc3 Rc7 47. Re3 Bh5 48. Nb5 Rcc8 49. c7 Rd7 50.
e6 fxe6 51. d6 a3 52. Rxa3 e5 53. Bxe5 Ne6 54. Rda4  1-0

[Event "Summer Prague Open 2024 - A"]
[Site "Olympik hotel, Sokolovska 138, Praha"]
[Date "2024.08.08"]
[Round "8"]
[Board "3"]
[White "Neuman, Petr"]
[Black "Pulpan, Jakub"]
[Result "1/2-1/2"]
[WhiteElo "2426"]
[BlackElo "2378"]
[PlyCount "0"]
[EventDate "2024.08.02"]
[EventRounds "9"]
[EventCountry "CZE"]

1. c4 e5 2. Nc3 Nf6 3. g3 Bb4 4. Bg2 O-O 5. Nf3 Bxc3 6. dxc3 d6 7. Nd2 Nc6 8. e4
a5 9. Nf1 Bg4 10. f3 Be6 11. Ne3 Nd7 12. O-O Nc5 13. b3 Qd7 14. Ba3 b6 15. Qc2 Bh3
16. Rad1  1/2-1/2

[Event "Summer Prague Open 2024 - A"]
[Site "Olympik hotel, Sokolovska 138, Praha"]
[Date "2024.08.08"]
[Round "8"]
[Board "4"]
[White "Veleshnja, Zino"]
[Black "Eret, Matous"]
[Result "1-0"]
[WhiteElo "2252"]
[BlackElo "2316"]
[PlyCount "0"]
[EventDate "2024.08.02"]
[EventRounds "9"]
[EventCountry "CZE"]

1. d4 d5 2. Nf3 e6 3. c4 c5 4. cxd5 exd5 5. g3 Nc6 6. Bg2 Nf6 7. O-O Be7 8. Nc3 O-O
9. dxc5 Bxc5 10. Bg5 Be7 11. Bxf6 Bxf6 12. Nxd5 Bxb2 13. Rb1 Ba3 14. Qd3 Bc5 15.
Rfc1 b6 16. Nf4 Bg4 17. Qe4 Rc8 18. Nd3 Bxf3 19. Bxf3 Re8 20. Qg4 Qf6 21. Nxc5 Ne5
22. Ne4 Nxg4 23. Nxf6+ Nxf6 24. e4 Kf8 25. Rxc8 Rxc8 26. e5 Nd7 27. Bg4 Ke7 28. Rd1
Rc7 29. f4 g5 30. Bf5 h6 31. Kf2 Nc5 32. fxg5 hxg5 33. h4 gxh4 34. gxh4 Ne6 35. h5
Rc4 36. Kg3 Rc8 37. h6 Rg8+ 38. Kf3 Rh8 39. h7 b5 40. Kg4 Ng7 41. Rd7+ Kf8 42. Rd8+
Ne8 43. Bd7  1-0

[Event "Summer Prague Open 2024 - A"]
[Site "Olympik hotel, Sokolovska 138, Praha"]
[Date "2024.08.08"]
[Round "8"]
[Board "6"]
[White "Golenia, Wojciech"]
[Black "Walek, Petr"]
[Result "1-0"]
[WhiteElo "2212"]
[BlackElo "2283"]
[PlyCount "0"]
[EventDate "2024.08.02"]
[EventRounds "9"]
[EventCountry "CZE"]

1. e4 c5 2. Nf3 d6 3. d4 cxd4 4. Nxd4 Nf6 5. Nc3 g6 6. Be3 Nc6 7. f3 h5 8. Bc4 Bd7
9. Qd2 Bg7 10. O-O-O Na5 11. Bb3 Rb8 12. f4 b5 13. e5 b4 14. Na4 Nxb3+ 15. axb3 Ng4
16. exd6 O-O 17. Rhe1 exd6 18. f5 Nxe3 19. Qxe3 Re8 20. Qd2 Rxe1 21. Qxe1 g5 22.
Qf1 a5 23. Qa6 Qc7 24. Qf1 Bf6 25. Kb1 Re8 26. Nb5 Bxb5 27. Qxb5 Rc8 28. Rd2 Rb8
29. Qa6 Be5 30. g3 Kg7 31. Qe2 Qc8 32. Qd3 Kf6 33. Qe3 Qb7 34. Rd1 Qc6 35. h4 gxh4
36. gxh4 Ke7 37. Qg5+ Kd7 38. Qxh5 Rf8 39. Qh6 Rg8 40. Qe3 Rg2 41. Nb6+ Kc7 42. Nc4
a4 43. Qa7+ Kd8 44. Qa5+ Ke7 45. Qxb4 Qe4 46. Rc1 axb3 47. Qxb3 Rh2 48. f6+ Bxf6
49. Nxd6 Kxd6 50. Qb8+ Kc6 51. Qa8+  1-0

[Event "Summer Prague Open 2024 - A"]
[Site "Olympik hotel, Sokolovska 138, Praha"]
[Date "2024.08.08"]
[Round "8"]
[Board "7"]
[White "Kulhanek, Tomas"]
[Black "Patil, Harshal"]
[Result "1-0"]
[WhiteElo "2317"]
[BlackElo "2130"]
[PlyCount "0"]
[EventDate "2024.08.02"]
[EventRounds "9"]
[EventCountry "CZE"]

1. e4 c6 2. d4 d5 3. e5 c5 4. dxc5 Nc6 5. Nf3 Bg4 6. c3 e6 7. Be3 a6 8. Be2 Nge7
9. Nbd2 Nf5 10. Bd4 Be7 11. h3 Nfxd4 12. cxd4 Bf5 13. O-O O-O 14. Nb3 a5 15. Bd3
a4 16. Nc1 Be4 17. Ne2 f6 18. exf6 Bxf6 19. Bxe4 dxe4 20. Nd2 Bxd4 21. Nxd4 Qxd4
22. Qe1 Nb4 23. Nxe4 Nc2 24. Rd1 Qc4 25. Nd6 Qxa2 26. Qe4 Qb3 27. Rd3 Rf4 28. Qxf4
Qxd3 29. Qf7+ Kh8 30. Ne8  1-0

[Event "Summer Prague Open 2024 - A"]
[Site "Olympik hotel, Sokolovska 138, Praha"]
[Date "2024.08.08"]
[Round "8"]
[Board "8"]
[White "Mirimanian, Hayk"]
[Black "Kudaibergen, Nurlykhan"]
[Result "1-0"]
[WhiteElo "2290"]
[BlackElo "2041"]
[PlyCount "0"]
[EventDate "2024.08.02"]
[EventRounds "9"]
[EventCountry "CZE"]

1. e4 e5 2. Nf3 Nc6 3. Bc4 Nf6 4. Ng5 d5 5. exd5 Na5 6. Bb5+ c6 7. dxc6 bxc6 8. Bd3
Nd5 9. Nf3 Bd6 10. O-O O-O 11. Re1 f5 12. Nxe5 Qf6 13. Nf3 g5 14. c4 Nf4 15. Bf1
g4 16. c5 Bc7 17. Nc3 gxf3 18. Qxf3 Ne6 19. b4 Nd4 20. Qh5 Nb7 21. Bc4+ Be6 22. Rxe6
Nxe6 23. Bb2 Rae8 24. Re1 Qf7 25. Qf3 Nbd8 26. b5 Qg6 27. bxc6 Nf7 28. Nd5 Bd8 29.
Qc3 Qg7 30. Qc1 Nd4 31. Re3 f4 32. Nxf4 Rxe3 33. fxe3 Bf6 34. Bxd4 Bxd4 35. Ne6 Qh6
36. Nxd4 Kh8 37. Qb2 Qg7 38. Bxf7 Rxf7 39. Qb8+ Rf8 40. Qd6 Rg8 41. Qd5 Rf8 42. c7
Rc8 43. Qd8+ Qf8 44. Ne6 Qg8 45. Qf6+  1-0

[Event "Summer Prague Open 2024 - A"]
[Site "Olympik hotel, Sokolovska 138, Praha"]
[Date "2024.08.08"]
[Round "8"]
[Board "9"]
[White "Sramek, Vojtech"]
[Black "Pietrzak, Tomasz"]
[Result "1-0"]
[WhiteElo "2237"]
[BlackElo "2013"]
[PlyCount "0"]
[EventDate "2024.08.02"]
[EventRounds "9"]
[EventCountry "CZE"]

1. e4 c5 2. Nf3 e6 3. c3 d5 4. exd5 Qxd5 5. d4 Nc6 6. Bd3 Nf6 7. O-O cxd4 8. cxd4
Be7 9. Nc3 Qd8 10. Re1 O-O 11. a3 b6 12. Bg5 Bb7 13. Bc2 Nd5 14. Qd3 g6 15. Bh6 Re8
16. Bb3 Na5 17. Ba2 Nxc3 18. bxc3 Bd5 19. Ne5 Bxa2 20. Rxa2 Bf6 21. Qf3 Qe7 22. Ng4
Bh8 23. Rae2 Nc4 24. Qf4 Rac8 25. Bg5 Qc7 26. Nf6+ Bxf6 27. Qxf6 Nd6 28. g4 Red8
29. Bf4 Ne8 30. Bxc7 Nxf6 31. Bxd8 Rxd8 32. f3 Rc8 33. Rc2 Rc4 34. Kf2 Nd5 35. Ke2
b5 36. Kd3 Kg7 37. Ra1 Ra4 38. Rb1 a6 39. Rb3 Rc4 40. Ra2 Ra4 41. Rc2 Rc4 42. Rbb2
Ra4 43. Ra2 Nb6 44. f4 f5 45. gxf5 gxf5 46. Rf2 Nd5 47. Rf3 Rc4 48. Rg2+ Kf7 49.
Kc2 a5 50. Kb3 a4+ 51. Kb2 Rc8 52. Rg5 h6 53. Rg1 h5 54. Kc2 h4 55. Kd2 Rh8 56. Kd3
Rc8 57. Rc1 Rg8 58. c4 bxc4+ 59. Rxc4 h3 60. Rc2 Rg4 61. Rcf2 Rh4 62. Kc4 Nf6 63.
Kb4 Ke7 64. Kxa4 Kd6 65. Kb3 Kd5 66. a4 Ke4 67. Rg3 Kxd4 68. Rff3 Nd5 69. Rxh3 Rg4
70. Rhg3 Rh4 71. a5 Rxh2 72. a6 Rh1 73. Kb2 Rh7 74. Ra3 Ra7 75. Rgb3 Nxf4 76. Rb7
Ra8 77. a7 e5 78. Rb8 Rxa7 79. Rxa7 e4 80. Rf7 Nd3+ 81. Kc2 f4 82. Kd2 e3+ 83. Ke2
Nc1+ 84. Kd1 Nd3 85. Rd8+ Ke4 86. Rxd3  1-0

[Event "Summer Prague Open 2024 - A"]
[Site "Olympik hotel, Sokolovska 138, Praha"]
[Date "2024.08.08"]
[Round "8"]
[Board "10"]
[White "Persson, Andreas"]
[Black "Skypala, Ondrej"]
[Result "1-0"]
[WhiteElo "2139"]
[BlackElo "2230"]
[PlyCount "0"]
[EventDate "2024.08.02"]
[EventRounds "9"]
[EventCountry "CZE"]

1. d4 Nf6 2. Nf3 e6 3. g3 b5 4. Bg2 Bb7 5. O-O Be7 6. Bg5 O-O 7. Qd3 a6 8. Nbd2 d5
9. a4 b4 10. c4 bxc3 11. Qxc3 h6 12. Bxf6 Bxf6 13. Rfc1 c6 14. a5 Nd7 15. b4 Qc7
16. e4 dxe4 17. Nxe4 Rfd8 18. Nxf6+ Nxf6 19. Ne5 Nd5 20. Qc5 Rab8 21. Rab1 Ne7 22.
b5 axb5 23. Rxb5 f6 24. Nd3 Ra8 25. Nf4 Qd7 26. Rb6 Ra7 27. Re1 Nc8 28. Rb4 Qd6 29.
Qc3 Re8 30. Qb3 Ba8 31. Rxe6 Rxe6 32. Nxe6 Kh7 33. Be4+ g6 34. Nc5 f5 35. Bf3 Kg7
36. a6 Ne7 37. Rb8 Nd5 38. Bxd5 Qxd5 39. Rxa8 Rxa8 40. Qb7+ Kf6 41. Qxa8 Qxd4 42.
Qh8+  1-0

[Event "Summer Prague Open 2024 - A"]
[Site "Olympik hotel, Sokolovska 138, Praha"]
[Date "2024.08.08"]
[Round "8"]
[Board "11"]
[White "Kuhn, Tobias"]
[Black "Heron, Andrew"]
[Result "1-0"]
[WhiteElo "2223"]
[BlackElo "1973"]
[PlyCount "0"]
[EventDate "2024.08.02"]
[EventRounds "9"]
[EventCountry "CZE"]

1. e4 c5 2. Nf3 d6 3. d4 cxd4 4. Nxd4 Nf6 5. Nc3 a6 6. Be3 e5 7. Nb3 Be6 8. f3 Be7
9. Qd2 h5 10. Nd5 Bxd5 11. exd5 Nbd7 12. Be2 Qc7 13. Na5 O-O 14. O-O Bd8 15. b4 Qb8
16. c4 Bxa5 17. bxa5 Qc7 18. Rab1 Nc5 19. Qb4 Nfd7 20. f4 exf4 21. Bxf4 g6 22. Qc3
Rfe8 23. Rbe1 Ne5 24. Be3 Rac8 25. Rf4 Qd7 26. Ref1 Re7 27. Bd4 Rc7 28. Qg3 Kf8 29.
Qg5 Ke8 30. Qf6 Kd8 31. Bxe5 dxe5 32. d6 exf4 33. Rd1  1-0

[Event "Summer Prague Open 2024 - A"]
[Site "Olympik hotel, Sokolovska 138, Praha"]
[Date "2024.08.08"]
[Round "8"]
[Board "12"]
[White "Schmitz, Thorsten"]
[Black "Galymbek, Alikhan"]
[Result "1-0"]
[WhiteElo "2218"]
[BlackElo "1970"]
[PlyCount "0"]
[EventDate "2024.08.02"]
[EventRounds "9"]
[EventCountry "CZE"]

1. e4 c5 2. Nf3 e6 3. g3 Nc6 4. Bg2 Nf6 5. Qe2 d6 6. O-O Be7 7. c3 e5 8. d3 O-O 9.
Na3 Be6 10. Nc2 b5 11. Bg5 Nd7 12. Bxe7 Qxe7 13. Ne3 g6 14. Nh4 Nb6 15. Nd5 Qd8 16.
f4 f6 17. f5 Bxd5 18. exd5 Ne7 19. fxg6 hxg6 20. c4 bxc4 21. dxc4 Kg7 22. Rf2 Nd7
23. Raf1 f5 24. Nf3 Rh8 25. Ng5 Nf8 26. h4 Rb8 27. b3 Ng8 28. Bh3 Nf6 29. Qe3 Qe7
30. Bxf5 gxf5 31. Rxf5 N8d7 32. Ne6+ Kf7 33. g4 Rbg8 34. g5 Ke8 35. Qe1 Qh7 36. Qa5
Qe7 37. Qxa7 Rxh4 38. Qa8+ Kf7 39. Qb7 Rh5 40. Rxf6+ Qxf6 41. Qxd7+  1-0

[Event "Summer Prague Open 2024 - A"]
[Site "Olympik hotel, Sokolovska 138, Praha"]
[Date "2024.08.08"]
[Round "8"]
[Board "13"]
[White "Zhakan, Erasyl"]
[Black "Golenia, Jan"]
[Result "1/2-1/2"]
[WhiteElo "1962"]
[BlackElo "2188"]
[PlyCount "0"]
[EventDate "2024.08.02"]
[EventRounds "9"]
[EventCountry "CZE"]

1. e4 e5 2. Nf3 Nc6 3. Bb5 a6 4. Ba4 Nf6 5. O-O Be7 6. d3 b5 7. Bb3 d6 8. Bd2 O-O
9. Re1 Nb8 10. a4 Bb7 11. axb5 axb5 12. Rxa8 Bxa8 13. Nc3 b4 14. Ne2 d5 15. Ng3 dxe4
16. Nxe5 Bd6 17. d4 Nc6 18. Nf5 Ne7 19. Nxd6 cxd6 20. Ng4 Nfd5 21. Bg5 f6 22. Bh4
g5 23. Nxf6+ Rxf6 24. Bxg5 Rg6 25. Qh5 Qe8 26. Rxe4 Kh8 27. Bxd5 Qa4 28. h4 Nxd5
29. Qf3 Qd7 30. Rf4 Rxg5 31. hxg5 Nxf4 32. Qxf4 Qe7 33. g6 Be4 34. Qe3 Qh4 35. gxh7
Qxh7 36. c4 bxc3 37. bxc3 Qg6 38. f3 Bd5 39. Kf2 Qc2+ 40. Kg3 Qg6+ 41. Kf2 Qc2+ 42.
Kg1 Qb1+ 43. Kf2  1/2-1/2

[Event "Summer Prague Open 2024 - A"]
[Site "Olympik hotel, Sokolovska 138, Praha"]
[Date "2024.08.08"]
[Round "8"]
[Board "14"]
[White "Soural, Jan"]
[Black "Czaeczine, Anne"]
[Result "1/2-1/2"]
[WhiteElo "2130"]
[BlackElo "2172"]
[PlyCount "0"]
[EventDate "2024.08.02"]
[EventRounds "9"]
[EventCountry "CZE"]

1. c4 Nf6 2. Nf3 e6 3. e3 d5 4. Nc3 c5 5. d4 dxc4 6. Bxc4 a6 7. a4 Nc6 8. O-O Be7
9. dxc5 O-O 10. Qe2 Bxc5 11. Rd1 Qc7 12. Bd2 Bd7 13. Rac1 Qb6 14. Bd3 Na5 15. Be1
Nb3 16. Rc2 Rfd8 17. Nd2 Nxd2 18. Rcxd2 Bb4 19. Bc2 Bxc3 20. bxc3 Bc6 21. Rd4 e5
22. Rd6 Qc7 23. Rxd8+ Rxd8 24. Rxd8+ Qxd8 25. e4 a5 26. Qc4 Be8 27. f3 Qb6+ 28. Bf2
Qb2 29. Qb3 Qa1+ 30. Bd1 Nd7 31. g3 Qc1 32. Qc2 Qxc2 33. Bxc2 b6 34. Bd3 Nc5 35.
Bxc5 bxc5 36. Bb5 Kf8 37. Bxe8  1/2-1/2

[Event "Summer Prague Open 2024 - A"]
[Site "Olympik hotel, Sokolovska 138, Praha"]
[Date "2024.08.08"]
[Round "8"]
[Board "15"]
[White "Pahud, Cedric"]
[Black "Tynyshtyk, Diana"]
[Result "1-0"]
[WhiteElo "2152"]
[BlackElo "1935"]
[PlyCount "0"]
[EventDate "2024.08.02"]
[EventRounds "9"]
[EventCountry "CZE"]

1. e4 c5 2. c3 d5 3. exd5 Qxd5 4. Nf3 Nc6 5. d4 Bf5 6. Be3 cxd4 7. Nxd4 e6 8. Nd2
Nf6 9. Qf3 Nxd4 10. Bxd4 Qxf3 11. Nxf3 Bd6 12. Bb5+ Ke7 13. O-O Rhd8 14. Nh4 Bg6
15. f4 Kf8 16. Rae1 Be7 17. f5 exf5 18. Nxf5 Bxf5 19. Rxf5 Rd5 20. Rxd5 Nxd5 21.
Be2 Nf4 22. Bf3 Ne6 23. Bf2 a5 24. Rd1 Nc5 25. Bg3 a4 26. Rb1 f5 27. Be5 Rd8 28.
b4 axb3 29. axb3 Nd3 30. Bd4 Bc5 31. Bxc5+ Nxc5 32. b4 Ne4 33. Bxe4 fxe4 34. Rb2
Kf7 35. Kf2 Ke6 36. c4 Ke5 37. Ke2 Rd4 38. Rc2 g6 39. b5 b6 40. c5 bxc5 41. Rxc5+
Kd6 42. Rg5 Rd3 43. Rg3 Rd4 44. Rb3 Kc7 45. Ke3 Ra4 46. b6+ Kb7 47. h4 Rc4 48. g3
Ra4 49. Kf4 Rd4 50. Ke3 Ra4 51. Kf4 Rd4 52. Re3 Kxb6 53. Rxe4 Rd7 54. Rc4 Kb7 55.
Kg5 Rf7 56. Kh6 Re7 57. g4 Rf7 58. g5 Re7 59. Rf4 Kc6 60. Rf8 Kd5 61. Rh8 Ke5 62.
Rxh7 Re6 63. Rf7 Rb6 64. Kg7 Rb4 65. Kxg6 Rxh4 66. Rf1 Ra4 67. Kh7 Rh4+ 68. Kg7 Ra4
69. g6 Ke6 70. Kh7 Ke7 71. g7 Rh4+ 72. Kg8 Rg4 73. Re1+  1-0

[Event "Summer Prague Open 2024 - A"]
[Site "Olympik hotel, Sokolovska 138, Praha"]
[Date "2024.08.08"]
[Round "8"]
[Board "16"]
[White "Krawczyk, Wojciech"]
[Black "Jun, Rudolf"]
[Result "1/2-1/2"]
[WhiteElo "2114"]
[BlackElo "2198"]
[PlyCount "0"]
[EventDate "2024.08.02"]
[EventRounds "9"]
[EventCountry "CZE"]

1. e4 c5 2. Nf3 e6 3. Nc3 d6 4. b3 Nc6 5. Bb2 Nf6 6. Bb5 Bd7 7. O-O Be7 8. Re1 O-O
9. a4 a6 10. Bc4 Nd4 11. Nxd4 cxd4 12. Nb1 b5 13. axb5 axb5 14. Rxa8 Qxa8 15. Bd3
e5 16. c3 dxc3 17. dxc3 Bc6 18. Qc2 d5 19. exd5 Bxd5 20. f3 Bc5+ 21. Kh1 Bxf3 22.
Rxe5 Ng4 23. Rxc5 Re8 24. Qd2 Bxg2+ 25. Kg1 Bh3 26. Bxh7+ Kh8 27. Be4 Qxe4 28. Rh5+
Kg8 29. Rxh3 Qxb1+ 30. Kg2 Qe4+ 31. Kg1 f5 32. Ba3 f4 33. Qd3 Qe1+ 34. Qf1 Qe4 35.
Bc5 Qf5 36. Bd4 Qg5 37. Kh1 Qd5+ 38. Qf3 Qf5 39. Rh4 Qb1+ 40. Bg1 Nf6 41. Rxf4 Qxb3
 1/2-1/2

[Event "Summer Prague Open 2024 - A"]
[Site "Olympik hotel, Sokolovska 138, Praha"]
[Date "2024.08.08"]
[Round "8"]
[Board "17"]
[White "Konopka, Michal"]
[Black "Hozda, Max"]
[Result "1-0"]
[WhiteElo "2325"]
[BlackElo "2046"]
[PlyCount "0"]
[EventDate "2024.08.02"]
[EventRounds "9"]
[EventCountry "CZE"]

1. d4 d5 2. c4 dxc4 3. Qa4+ c6 4. Qxc4 Nf6 5. Nf3 Nbd7 6. g3 e6 7. Nc3 Bd6 8. Bg2
O-O 9. O-O e5 10. Bg5 exd4 11. Nxd4 Qa5 12. Bxf6 Nxf6 13. Nxc6 bxc6 14. Qxc6 Rb8
15. Qxd6 Rxb2 16. Rac1 Rd8 17. Qf4 Ba6 18. Rfd1 Bxe2 19. Rxd8+ Qxd8 20. Qe5 Ng4 21.
Qc5 g6 22. Nxe2 Rxe2 23. Bf3 Rxf2 24. Bxg4 Rxa2 25. Qe3 Qf6 26. Rf1 Qb6 27. Qxb6
axb6 28. Rb1 h5 29. Bf3 Kg7 30. Rxb6 h4 31. gxh4 Ra4 32. h5 gxh5 33. Bxh5 Ra5 34.
Bf3 Ra2 35. h3 f6 36. Be4 Ra7 37. Kf2 Rc7 38. Kg3 Rc3+ 39. Kg4 Rc7 40. h4 Re7 41.
Bf5 Ra7 42. Kh5 Rc7 43. Rb4 Ra7 44. Rg4+ Kh8 45. Kh6 Rg7 46. Rd4 Rg3 47. Bg4  1-0

[Event "Summer Prague Open 2024 - A"]
[Site "Olympik hotel, Sokolovska 138, Praha"]
[Date "2024.08.08"]
[Round "8"]
[Board "18"]
[White "Minana Menor, Antonio"]
[Black "Neukirchner, Pascal"]
[Result "0-1"]
[WhiteElo "2046"]
[BlackElo "2261"]
[PlyCount "0"]
[EventDate "2024.08.02"]
[EventRounds "9"]
[EventCountry "CZE"]

1. e4 c5 2. Nf3 d6 3. d4 cxd4 4. Nxd4 Nf6 5. Bd3 g6 6. Nc3 Bg7 7. O-O O-O 8. Nde2
Nc6 9. Kh1 d5 10. exd5 Nxd5 11. Nxd5 Qxd5 12. Nc3 Qd6 13. Nb5 Qb8 14. c3 Rd8 15.
Qe2 a6 16. Na3 b5 17. Be4 Bb7 18. Be3 f5 19. Bc2 Qe5 20. Qf3 Na5 21. Qh3 Qf6 22.
f4 Qc6 23. Rae1 Rd7 24. Bd1 Rad8 25. Bf3 Qc7 26. Bxb7 Qxb7 27. Nc2 Nc4 28. Bd4 Nd2
29. Bxg7 Kxg7 30. Rf2 Ne4 31. Rfe2 Rd1 32. Qf3 R8d3 33. Qf1 Rxe1 34. Qxe1 Qd7 35.
Nd4 b4 36. Qb1 Rd2 37. Rxd2 Nxd2 38. Qd3 Ne4 39. Qc4 bxc3 40. bxc3 Qb7 41. Nb3 Qb5
42. Qd4+ Kh6 43. c4 Qb4 44. Qe3 Qxc4 45. h3 Qc3 46. Qxc3 Nxc3 47. Nc5 a5 48. a3 g5
49. g3 gxf4 50. gxf4 Nd5 51. Nd3 Kh5 52. Kg2 Kh4 53. Kh2 a4 54. Kg2 Ne3+ 55. Kh2
Nc4 56. Nc5 Nxa3 57. Nxa4 Nc4 58. Nc5 e5 59. fxe5 Nxe5 60. Ne6 Ng6 61. Kg2 Ne5 62.
Kh2 Nd3 63. Kg2 Nb4 64. Kf3 Nd5 65. Kg2 Kh5 66. Kf3 Kg6 67. Nf8+ Kg7 68. Nd7 Kf7
69. Kg3 Ke7 70. Nc5 Kd6 71. Nd3 Ke6 72. Kh4 Ne7 73. Kg5 Kd5 74. Kf4 h6 75. Ne5 Ke6
76. Nd3 Ng6+ 77. Kf3 Ne5+ 78. Nxe5 Kxe5 79. Ke3 f4+ 80. Kf3 Kf5 81. Kf2 Ke4 82. Ke2
f3+ 83. Kf1 Kf4 84. Kf2 h5 85. Kf1 Kg3 86. Kg1 Kxh3 87. Kf2 Kg4 88. Kf1 Kf4 89. Kf2
h4 90. Kf1 Ke3  0-1